Zabezpečovacie zmenky

Analýza zabezpečovaciej funkcie zmenky najmä z hľadiska jej praktického použitia. Podstata zabezpečovacej funkcie zmenky.

Gespeichert in:
Bibliographische Detailangaben
1. Verfasser: Holub, Dušan
Format: Buchkapitel
Sprache:Slowakisch
Schlagworte:
Tags: Tag hinzufügen
Keine Tags, Fügen Sie das erste Tag hinzu!

MARC

LEADER 00000naa a2200000 4500
001 0225736
005 20240502073712.8
041 0 |a slo 
044 |a SK 
245 1 0 |a Zabezpečovacie zmenky  |c Dušan Holub 
520 |a Analýza zabezpečovaciej funkcie zmenky najmä z hľadiska jej praktického použitia. Podstata zabezpečovacej funkcie zmenky. 
610 2 0 |a zmenky 
610 2 0 |a poriadok právny 
610 2 0 |a záväzky 
610 2 0 |a dlžníci 
100 1 |a Holub, Dušan